000 00296nam a2200121 a 4500
008 101210s1977|||| d
100 1 _aPavlovská, O.
245 1 0 _aHudobná výchova pre 3. a 4. ročník
260 _bOPUS
_aBratislava
_c1977
020 _c16
041 _aslo
044 _axo
_cSK
999 _c15117
_d15117